| 000 | 00578nam a2200229Ia 4500 | ||
|---|---|---|---|
| 003 | OSt | ||
| 005 | 20220924153432.0 | ||
| 006 | a|||||r|||| 00| 0 | ||
| 007 | ta | ||
| 008 | 220923b |||||||| |||| 00| 0 sak d | ||
| 024 | _a350197 | ||
| 037 | _cTextual | ||
| 040 |
_aARTS _cARTS _bsak |
||
| 041 |
_2sak _asak |
||
| 082 | _aO15,1A2, 33N7 | ||
| 100 |
_aPankaja A Au. _9228814 |
||
| 245 | 0 |
_aMahabharata _b Kalidasa |
|
| 260 | _c1997 | ||
| 650 | _aSANSKRIT LITERATURE | ||
| 942 |
_hO15,1A2, 33N7 _cTEXL _2CC |
||
| 999 |
_c473591 _d473591 |
||